00505nam a2200181Ia 4500008004100000020001800041082000800059100002600067245003600093250000600129260002500135300001500160500002400175650001000199942000700209952009000216999001700306230524s9999 xx 000 0 und d a9788120346027 bHAM aMark J. Hammer942734 0aWater and Wastewater Technology a1 aNew DelhibPHIc2012 a"XI,451p;" aQuantity Number: 1 aCivil cBK 00104070aTATCLbTATCLcGENd2023-05-24l0o HAMp54080r2023-05-24w2023-05-24yBK c57716d57716